Látky s anti-angiogénnymi vlastnosťami

Bibliographic Details
Main Authors: Petrovová, Eva, 1979- (Author), Luptáková, Lenka, 1978- (Author), Lešník, František, 1942- (Author)
Format: Article
Language:Slovak
ISSN:1335-0099
Subjects:

MARC

LEADER 00000nab a2200000 a 4500
001 vtls009341416
003 SK-MaSNL
005 20260304214839.0
008 250507c2008 xo |||||||||||000 b|slo
015 |a SNBRB2008/10  |2 snkbucl 
035 |a (uuid)603c0484-8958-4795-a0ff-e0badede4c6f 
035 |a urn:nbn:sk:snk-ab13au 
035 |a (urnnbn)urn:nbn:sk:snk:ar-a03v0q 
038 |a SNKBUCL 
040 |a SNKBUCL  |b slo  |c SNKBUCL  |e AACR2 
041 0 |a slo 
044 |a xo  |c SK 
080 |a 615.277  |2 1997 
080 |a 616-006-08  |2 1997 
100 1 |a Petrovová, Eva,  |d 1979-  |4 aut  |9 198361 
245 1 0 |a Látky s anti-angiogénnymi vlastnosťami  |c E. Petrovová, L. Luptáková, F. Lešník 
650 0 7 |a malígne nádory  |2 snkbucl  |9 70958 
650 0 7 |a angiogenéza  |2 snkbucl  |9 16526 
650 0 7 |a terapia  |2 snkbucl  |9 781 
650 0 7 |a antiangiogenéza  |2 snkbucl  |9 1292363 
650 0 7 |a inhibítory angiogenézy  |2 snkbucl  |9 1293527 
700 1 |a Luptáková, Lenka,  |d 1978-  |4 aut  |9 181168 
700 1 |a Lešník, František,  |d 1942-  |4 aut  |9 85681 
773 0 |t Slovenský veterinársky časopis = Slovak veterinary journal  |g Roč. XXXIII, č. 4 (2008), s. 226-227  |x 1335-0099 
850 |a Slovenská národná knižnica 
852 |a Slovenská národná knižnica 
954 |a odborná, vedecká literatúra pôvodná (slovenská)  |2 lita 
958 |a article27 
958 |a MI 
958 |a OND 
958 |a EUIPO 
999 |c 3143547  |d 3145477